MARC

LEADER 00000nam0a2200000 4500
001 373418
005 20231102012549.0
010 |a 5628000434 
020 |a RU  |b 88-78638 
035 |a (RuTPU)RU\TPU\retro\30847 
035 |a RU\TPU\book\270677 
090 |a 373418 
100 |a 20221216d1988 k y0rusy5003 ca 
101 0 |a rus 
102 |a KZ 
105 |a a z 000zy 
200 1 |a Конформационные эффекты азотистых гетероциклов  |f Т. Т. Омаров  |g Академия наук Казахской ССР (АН КазССР), Институт химии нефти и природных солей (ИХНиПС) 
210 |a Алма-Ата  |c Наука  |d 1988 
215 |a 133,[1] с.  |c ил. 
320 |a Библиогр.: с. 124-132 (261 назв.). 
606 1 |a Гетероциклические соединения  |x Химия  |2 stltpush  |3 (RuTPU)RU\TPU\subj\6386  |9 34281 
610 1 |a стереохимия 
610 1 |a азотистые соединения 
610 1 |a азотистые гетероциклы 
610 1 |a конформационный анализ 
675 |a 547.7  |z rus 
700 1 |a Омаров  |b Т. Т.  |g Тулеутай Тулеубекович 
712 0 2 |a Академия наук Казахской ССР (АН КазССР)  |b Институт химии нефти и природных солей (ИХНиПС)  |2 stltpush  |3 (RuTPU)RU\TPU\col\6702 
801 0 |a RU  |b RuMRKP  |c 19950417  |g psbo 
801 1 |a RU  |b 63413507  |c 20140127 
801 2 |a RU  |b 63413507  |c 20221216  |g RCR 
942 |c BK